| 000 | 00921nam a2200217 a 4500 | ||
|---|---|---|---|
| 008 | 150605s2011 ||||||||||||||||| || u | ||
| 020 | _a9781444730791 | ||
| 050 | _aB 105. E87 Ran | ||
| 100 | _aRanadive, Vivek | ||
| 245 | 1 | 4 |
_aThe two-second advantage: how we succeed by anticipating _cby Vivek Ranadive and Kevin Maney |
| 260 |
_aLondon: _bHodder & Stoughton _c2011 |
||
| 300 | _axii, 243p. | ||
| 350 | _a31.50 | ||
| 650 | _aEXPECTATION (PHILOSOPHY) | ||
| 650 | _aBRAIN | ||
| 650 | 0 | _aHUMAN BEHAVIOR | |
| 650 | _aCOMPETITION | ||
| 700 | _aManey, Kevin | ||
| 995 |
_aMEDICAL LIBRARY OPEN ACCESS _e903156 _FCBU-SCHOOL OF MEDICINE LIBRARY (Ndola) _I31.50 _jB 105. E87 Ran _M2 _UAVAILABLE _WAug 24, 2015 _y903156 _ZMedical Library Open Access Collection |
||
| 995 |
_aMAIN LIBRARY OPEN ACCESS _e745578 _FCBU-MAIN LIBRARY (Kitwe) _I31.50 _jB 105. E87 Ran _M1 _UAVAILABLE _WAug 24, 2015 _y745578 _ZMain Library Open Access Collection |
||
| 999 |
_c81458 _d81458 |
||